000 01045cam a2200277 i 4500
003 SA-RiAUC
005 20250602102636.0
008 250511s1985 le g b 00010 ara c
040 _aSA-RiAUC
_bara
_cSA-RiAUC
_erda
082 0 4 _a808.02
_qSA-RiAUC
090 _a808.02
_b ص ب ا
100 1 _aالصباغ، محمد بن لطفي،
_d1930-2017
_eمؤلف.
245 1 2 _aالمناهج والأطر التأليفية في تراثنا /
_cتأليف محمد بن لطفي الصباغ.
250 _aالطبعة الأولى.
264 1 _aبيروت :
_bالمكتب الإسلامي،
_c1985
300 _a63 صفحة ؛
_c20 سم
336 _aنص
_btxt
_2rdacontent
_3كتاب
337 _aبدون وسيط
_bn
_2rdamedia
338 _aمجلد
_bnc
_2rdacarrier
504 _aيشتمل على إرجاعات ببليوجرافية.
650 7 _aالتأليف
_2aucsh
650 7 _aالبحث
_2aucsh
650 7 _aالتعليم
_xمناهج
_2aucsh
942 _2ddc
_cBOOK
_n0
949 _aSA-JeALM
_d250511
_umohamedma123
_n1
999 _c8663
_d8663